000 00448nam a2200181Ia 4500
001 1054
005 20260306140603.0
008 260306t2009||||xx |||||||||||||| ||spa||
041 _aESP
082 _a180
_bH447
100 _aUrdánoz, Teofilo
_eAUT
245 0 _aHistoria de la filosofía:
_bsiglo XIX: Kant, idealismo y espiritualismo
260 _c2009
300 _a
_c20 cm.
650 _aGEN
654 _aCHU
942 _cLIB
_dJUS
_fJUS
_2ddc
_n
999 _c1054
_d1054